000 00419nam a2200181Ia 4500
005 20240823042746.0
008 240823s9999||||xx |||||||||||||| ||und||
041 _aENGLISH
082 _A621.1520 N7
100 _aNational Pathipagam
245 0 _aQuestion Bank
250 _a1st
260 _c1997
_bNational Pathi
500 _aTRANSFERED
650 _aQuestion Bank
_bPhysics
942 _cBK
999 _c208618
_d208618